000 00653nam a2200241Ia 4500
003 OSt
005 20220918214525.0
006 a|||||r|||| 00| 0
007 ta
008 220917b |||||||| |||| 00| 0 eng d
024 _a137,841
037 _cTextual
040 _aARTS
_cARTS
_beng
041 _2eng
_aeng
082 _aY:1z7, N4
100 _aChaney David
_920167
245 0 _aCultural turn
_b scene-setting essays on contemporary cultural history
260 _aLondon
_bRoutledge
_c1994
300 _aviii,250p.
_ccm.
650 _aSOCIOLOGY
942 _hY:1z7, N4
_cTEXL
_2CC
999 _c260915
_d260915